[Event "CHN-ch Gp-B (Women)"]
[Site "Liaocheng"]
[Date "2024.04.25"]
[Round "9"]
[White "Peng, Shiyang"]
[Black "Liu, Youyin"]
[Result "1/2-1/2"]
[WhiteElo "1661"]
[BlackElo "1840"]
[PlyCount "85"]
[EventDate "2024.04.21"]
[EventType "swiss"]
[EventRounds "11"]
[EventCountry "CHN"]
[SourceTitle "CB18_2024"]
[SourceDate "2024.05.01"]
[SourceVersion "1"]
[SourceVersionDate "2024.05.01"]
[SourceQuality "2"]

1. Nf3 d5 2. c4 c6 3. b3 Bf5 4. Bb2 Nd7 5. g3 Ngf6 6. Bg2 Bxb1 7. Qxb1 g6 8. 0-0 Bg7 9. d3 0-0 10. Rd1 Qa5 11. Qc2 Rfe8 12. Bc3 Qc7 13. cxd5 cxd5 14. Qb2 e5 15. Rac1 Qd6 16. e3 b5 17. a3 a5 18. b4 a4 19. Bh3 h5 20. Bf1 Rab8 21. d4 e4 22. Ne5 Nh7 23. Nxd7 Qxd7 24. Be1 Ng5 25. Qe2 Bf8 26. Bg2 Qg4 27. Qxg4 hxg4 28. Kf1 Rec8 29. Ke2 Nf3 30. h4 g5 31. hxg5 Nxg5 32. Bd2 f5 33. Rxc8 Rxc8 34. Rc1 Rxc1 35. Bxc1 Nf7 36. Bf1 Nd6 37. Kd2 Kf7 38. Kd1 Ke6 39. Bd2 Kd7 40. Bc3 Kc6 41. Ke1 Bg7 42. Kd2 Bf6 43. Ke1 1/2-1/2

[Event "CHN-ch Gp-B (Women)"]
[Site "Liaocheng"]
[Date "2024.04.22"]
[Round "4"]
[White "Liu, Youyin"]
[Black "Cao, Youjia"]
[Result "1/2-1/2"]
[WhiteElo "1840"]
[BlackElo "1579"]
[PlyCount "94"]
[EventDate "2024.04.21"]
[EventType "swiss"]
[EventRounds "11"]
[EventCountry "CHN"]
[SourceTitle "CB18_2024"]
[SourceDate "2024.05.01"]
[SourceVersion "1"]
[SourceVersionDate "2024.05.01"]
[SourceQuality "2"]

1. e4 c5 2. Nf3 d6 3. Bb5+ Bd7 4. Bxd7+ Qxd7 5. 0-0 Nf6 6. Re1 Nc6 7. c3 e5 8. d4 Be7 9. d5 Nb8 10. h3 h6 11. Qe2 b5 12. b4 Na6 13. a4 cxb4 14. cxb4 Nc7 15. a5 a6 16. Nc3 0-0 17. Nh2 Nh7 18. f4 Bh4 19. Rd1 Bg3 20. f5 Bxh2+ 21. Kxh2 Rac8 22. Bd2 Ne8 23. Rac1 Nef6 24. Na2 Rxc1 25. Rxc1 Rc8 26. Rc3 Rxc3 27. Nxc3 Qc7 28. Qd3 Kf8 29. Ne2 Ke7 30. Qc3 Kd7 31. Qxc7+ Kxc7 32. Nc3 Ng5 33. Bxg5 hxg5 34. h4 gxh4 35. Kh3 Nh5 36. Kxh4 Nf4 37. Kg3 Nd3 38. Na2 Ne1 39. Kf2 Nc2 40. g3 Kd7 41. Kf3 Ke7 42. Kg4 f6 43. Kh5 Kf7 44. g4 Na3 45. Nc3 Nc4 46. Na2 Na3 47. Nc3 Nc4 1/2-1/2

[Event "CHN-ch Gp-B (Women)"]
[Site "Liaocheng"]
[Date "2024.04.21"]
[Round "2"]
[White "Liu, Youyin"]
[Black "Zhou, Lanqier"]
[Result "0-1"]
[WhiteElo "1840"]
[BlackElo "1654"]
[PlyCount "84"]
[EventDate "2024.04.21"]
[EventType "swiss"]
[EventRounds "11"]
[EventCountry "CHN"]
[SourceTitle "CB18_2024"]
[SourceDate "2024.05.01"]
[SourceVersion "1"]
[SourceVersionDate "2024.05.01"]
[SourceQuality "2"]

1. e4 e5 2. Nf3 Nc6 3. Bb5 a6 4. Ba4 b5 5. Bb3 Nf6 6. 0-0 Be7 7. c3 Nxe4 8. Bd5 Nf6 9. Bxc6 dxc6 10. Nxe5 Bb7 11. Qf3 Qd5 12. d4 Qxf3 13. Nxf3 0-0 14. Bg5 c5 15. Re1 Rfe8 16. Nbd2 cxd4 17. Nxd4 Bd6 18. Bxf6 gxf6 19. Nf5 Bc5 20. Nb3 Bb6 21. Nbd4 Re5 22. Ne7+ Kf8 23. Nec6 Rc5 24. Ne7 Rg5 25. g3 Bxd4 26. cxd4 Re8 27. Rac1 c6 28. h4 Rh5 29. g4 Rxh4 30. Nf5 Rxg4+ 31. Kf1 Rxe1+ 32. Rxe1 Bc8 33. Nd6 Be6 34. Re4 f5 35. Rxg4 fxg4 36. Ne4 f5 37. Nc5 Bxa2 38. Nxa6 Kf7 39. Ke2 Kf6 40. Nb4 Bd5 41. Ke3 Kg5 42. Nd3 h5 0-1

[Event "CHN-ch sf (Women)"]
[Site "Hefei"]
[Date "2023.04.27"]
[Round "10"]
[White "Liu, Youyin"]
[Black "Zhou, Yafei"]
[Result "0-1"]
[WhiteElo "1811"]
[BlackElo "1675"]
[PlyCount "76"]
[EventDate "2023.04.23"]
[EventType "swiss"]
[EventRounds "11"]
[EventCountry "CHN"]
[SourceTitle "CBM 214 Extra"]
[Source "ChessBase"]
[SourceDate "2023.07.31"]
[SourceVersion "1"]
[SourceVersionDate "2023.07.31"]
[SourceQuality "1"]

1. e4 e6 2. d4 d5 3. Nd2 c5 4. c3 Nc6 5. Ngf3 cxd4 6. cxd4 Qb6 7. exd5 exd5 8. Nb3 Bd6 9. Bd3 Bg4 10. 0-0 Nge7 11. Re1 0-0-0 12. Bd2 Kb8 13. Bc3 f6 14. Nbd2 g5 15. a3 Rdg8 16. Qb3 Qc7 17. g3 h5 18. Bb4 h4 19. Bxd6 Qxd6 20. Ba6 Bc8 21. Bf1 Nf5 22. Qc3 Rg7 23. Bg2 h3 24. Bh1 g4 25. Nh4 Nxh4 26. gxh4 f5 27. Qc5 Qxc5 28. dxc5 Nd4 29. Rac1 Bd7 30. Bxd5 Bb5 31. Bc4 Bc6 32. Bf1 Rhg8 33. f4 gxf3+ 34. Kf2 f4 35. Rc3 Rg2+ 36. Bxg2 Rxg2+ 37. Kf1 Rxd2 38. b4 Bb5+ 0-1